<?xml version="1.0" encoding="UTF-8"?>
<record
    xmlns:xsi="http://www.w3.org/2001/XMLSchema-instance"
    xsi:schemaLocation="http://www.loc.gov/MARC21/slim http://www.loc.gov/standards/marcxml/schema/MARC21slim.xsd"
    xmlns="http://www.loc.gov/MARC21/slim">

  <leader>02874nam a2200385 a 4500</leader>
  <controlfield tag="005">20240503093650.0</controlfield>
  <controlfield tag="008">141203t1975||||ag a   f |||| 001 0 spa d</controlfield>
  <datafield tag="020" ind1=" " ind2=" ">
    <subfield code="a">S/I</subfield>
  </datafield>
  <datafield tag="041" ind1=" " ind2=" ">
    <subfield code="a">spa</subfield>
  </datafield>
  <datafield tag="092" ind1=" " ind2=" ">
    <subfield code="c">618.3</subfield>
    <subfield code="l">93</subfield>
    <subfield code="s">VOT</subfield>
  </datafield>
  <datafield tag="100" ind1="1" ind2=" ">
    <subfield code="a">Votta, Roberto A.</subfield>
    <subfield code="9">275</subfield>
  </datafield>
  <datafield tag="245" ind1=" " ind2=" ">
    <subfield code="a">L&#xED;quido amni&#xF3;tico. </subfield>
    <subfield code="b">Investigaciones cl&#xED;nicas aplicadas al conocimiento del estado fetal /</subfield>
    <subfield code="c">Roberto A. Votta.</subfield>
  </datafield>
  <datafield tag="250" ind1=" " ind2=" ">
    <subfield code="a">1a ed.</subfield>
  </datafield>
  <datafield tag="260" ind1=" " ind2=" ">
    <subfield code="a">Buenos Aires: </subfield>
    <subfield code="b">Editorial M&#xE9;dica Panamericana;</subfield>
    <subfield code="c">1975.</subfield>
  </datafield>
  <datafield tag="300" ind1=" " ind2=" ">
    <subfield code="a">168 p.</subfield>
    <subfield code="b">Il.</subfield>
  </datafield>
  <datafield tag="500" ind1=" " ind2=" ">
    <subfield code="a">Votta, R. A. et al. (1975). L&#xED;quido amni&#xF3;tico. Investigaciones cl&#xED;nicas aplicadas al conocimiento del estado fetal. (1a ed.). Buenos Aires : Editorial M&#xE9;dica Panamericana.</subfield>
  </datafield>
  <datafield tag="653" ind1=" " ind2=" ">
    <subfield code="a">Din&#xE1;mica del l&#xED;quido amni&#xF3;tico: Formaci&#xF3;n, circulaci&#xF3;n y reabsorci&#xF3;n. Volumen. Composici&#xF3;n.</subfield>
  </datafield>
  <datafield tag="653" ind1=" " ind2=" ">
    <subfield code="a">T&#xE9;cnicas de la amniocentesis: Amniocentesis transparietoabdominal. Amniocentesis vaginal.</subfield>
  </datafield>
  <datafield tag="653" ind1=" " ind2=" ">
    <subfield code="a">Inconvenientes de la amniocentesis: Por v&#xED;a abdominal. Por v&#xED;a vaginal.</subfield>
  </datafield>
  <datafield tag="653" ind1=" " ind2=" ">
    <subfield code="a">Aplicaciones cl&#xED;nicas del estudio cotol&#xF3;gico del l&#xED;quido amni&#xF3;tico: Generalidades, aplicaci&#xF3;n. Origen de las c&#xE9;lulas del l&#xED;quido amni&#xF3;tico. Diagn&#xF3;stico de la madurez fetal.</subfield>
  </datafield>
  <datafield tag="653" ind1=" " ind2=" ">
    <subfield code="a">Aplicaciones cl&#xED;nicas del estudio de la creatinina del l&#xED;quido amni&#xF3;tico: Generalidades sobre concentraci&#xF3;n de creatinina. Madurez fetal y concentraci&#xF3;n de creatinina. Concentraci&#xF3;n de creatinina y peso fetal. Concentraci&#xF3;n de creatinina y volumen del l&#xED;quido amni&#xF3;tico.</subfield>
  </datafield>
  <datafield tag="653" ind1=" " ind2=" ">
    <subfield code="a">Fosfol&#xED;pidos del l&#xED;quido y madurez pulmonar del feto: Valoraci&#xF3;n de la madurez pulmonar fetal. Valor del estudio de los fosfolipidos en los embarazos patol&#xF3;gicos. Inducci&#xF3;n enzim&#xE1;tica de la madurez fetal.</subfield>
  </datafield>
  <datafield tag="653" ind1=" " ind2=" ">
    <subfield code="a">Vitalidad fetal y estudio del l&#xED;quido amni&#xF3;tico: Determinaci&#xF3;n de la bililrrubina del l&#xED;quido amni&#xF3;tico en la ertrobastosis fetal. Tensi&#xF3;n de oxigeno y equilibrio &#xE1;cido-base. Reacciones inmunol&#xF3;gicas en el l&#xED;quido amni&#xF3;tico de embarazadas chag&#xE1;sicas. Glucosa en el&#xED;quido amni&#xF3;tico. Estriol en el l&#xED;quido amni&#xF3;tico.</subfield>
  </datafield>
  <datafield tag="653" ind1=" " ind2=" ">
    <subfield code="a">Amniograf&#xED;as: Localizaci&#xF3;n placentaria. Morfolog&#xED;a del &#xFA;tero. Morfolog&#xED;a del feto. Madurez fetal. Vitalidad fetal. Molagraf&#xED;a. </subfield>
  </datafield>
  <datafield tag="653" ind1=" " ind2=" ">
    <subfield code="a">Diagn&#xF3;stico prenatal de anomal&#xED;as gen&#xE9;ticas mediante el estudio del l&#xED;quido amni&#xF3;tico: T&#xE9;cnica. Amniocentesis. Estudio de las c&#xE9;lulas no cultivadas. Estudio de c&#xE9;lulas cultivadas. Estudio de los componentes no celulares del l&#xED;quido amni&#xF3;tico.</subfield>
  </datafield>
  <datafield tag="653" ind1=" " ind2=" ">
    <subfield code="a">Posibilidades de la terap&#xE9;utica fetal por v&#xED;a intraamni&#xF3;tica</subfield>
  </datafield>
  <datafield tag="700" ind1="1" ind2=" ">
    <subfield code="a">Parada, Osvaldo H.</subfield>
    <subfield code="9">276</subfield>
  </datafield>
  <datafield tag="700" ind1="1" ind2=" ">
    <subfield code="a">Gadow, Enrique</subfield>
    <subfield code="9">3687</subfield>
  </datafield>
  <datafield tag="700" ind1="1" ind2=" ">
    <subfield code="a">Winograd, Ra&#xFA;l H.</subfield>
    <subfield code="9">3688</subfield>
  </datafield>
  <datafield tag="700" ind1="1" ind2=" ">
    <subfield code="a">Gregoretti, Mar&#xED;a A.</subfield>
    <subfield code="9">3689</subfield>
  </datafield>
  <datafield tag="700" ind1="1" ind2=" ">
    <subfield code="a">Salcedo, Liliana</subfield>
    <subfield code="9">3690</subfield>
  </datafield>
  <datafield tag="700" ind1="1" ind2=" ">
    <subfield code="a">Marchese, Carlos A.</subfield>
    <subfield code="9">3691</subfield>
  </datafield>
  <datafield tag="700" ind1="1" ind2=" ">
    <subfield code="a">Pastori, &#xC1;ngel A.</subfield>
    <subfield code="9">3692</subfield>
  </datafield>
  <datafield tag="942" ind1=" " ind2=" ">
    <subfield code="2">ddc</subfield>
    <subfield code="c">BK</subfield>
  </datafield>
  <datafield tag="999" ind1=" " ind2=" ">
    <subfield code="c">2126</subfield>
    <subfield code="d">2126</subfield>
  </datafield>
  <datafield tag="952" ind1=" " ind2=" ">
    <subfield code="0">0</subfield>
    <subfield code="1">0</subfield>
    <subfield code="2">ddc</subfield>
    <subfield code="4">0</subfield>
    <subfield code="7">0</subfield>
    <subfield code="a">BFM</subfield>
    <subfield code="b">BFM</subfield>
    <subfield code="c">CR</subfield>
    <subfield code="d">2014-12-03</subfield>
    <subfield code="e">Donaci&#xF3;n Diciembre 2014</subfield>
    <subfield code="l">0</subfield>
    <subfield code="o">618.3 93 VOT</subfield>
    <subfield code="p">3422</subfield>
    <subfield code="r">2014-12-03</subfield>
    <subfield code="t">Ej.1</subfield>
    <subfield code="w">2014-12-03</subfield>
    <subfield code="y">BK</subfield>
    <subfield code="z">Donaci&#xF3;n Diciembre 2014</subfield>
  </datafield>
</record>
